Význam a charakteristika obalového dizajnu

Všeobecné fakty a vzťahy priemyselného dizajnu. Obalový dizajn a jeho aplikácia v praxi. Charakteristika obalového dizajnu. Obalový dizajn a globalizácia. Obalový dizajn v marketingu. Úlohy obalového dizajnu. Prostriedky obalového dizajnu.

Gespeichert in:
Bibliographische Detailangaben
1. Verfasser: Kačeňák, Igor
Format: Buchkapitel
Sprache:Slowakisch
Schlagworte:
Tags: Tag hinzufügen
Keine Tags, Fügen Sie das erste Tag hinzu!

MARC

LEADER 00000naa a2200000 4500
001 0119805
005 20240523124511.0
041 0 |a slo 
044 |a SK 
245 1 0 |a Význam a charakteristika obalového dizajnu  |c Igor Kačeňák 
520 |a Všeobecné fakty a vzťahy priemyselného dizajnu. Obalový dizajn a jeho aplikácia v praxi. Charakteristika obalového dizajnu. Obalový dizajn a globalizácia. Obalový dizajn v marketingu. Úlohy obalového dizajnu. Prostriedky obalového dizajnu. 
610 2 0 |a dizajn priemyselný 
610 2 0 |a technika obalová 
610 2 0 |a marketing 
610 2 0 |a kvalita tovaru 
610 2 0 |a reklama 
610 2 0 |a obaly 
100 1 |a Kačeňák, Igor